00362nam a2200133Ia 4500008004100000020001500041041001200056082001600068100002000084245008100104260002100185300000800206650001400214221030s9999 xx 000 0 und d a8120307771 aEnglish a105.23bPat aD. W. Patterson 0aIntroduction to Artificial Intelligence & Expert Systemscby D. W. Patterson bPHIaDelhic2006 a195 aComputers